Estenografia vigente 1 : para 4to año de las escuelas de comercio /

Guardado en:
Autor Principal: Vassallo, Miriam
Otros Autores: Fusca De Elias, Carmen
Formato: Libro
Publicado: Buenos Aires : Kapelusz, 1985
Materias:
Etiquetas: Agregar Etiqueta
Sin Etiquetas, Sea el primero en etiquetar este registro!
LEADER 00533nam a22001815a 4500
001 CEM.cems006457
005 20060214000000.0
008 130507s1985##################000#0#####d
003 CEMS
082 0 4 |a 653 
100 1 |a Vassallo, Miriam 
245 1 0 |a Estenografia vigente 1 :  |b para 4to año de las escuelas de comercio / 
260 |a Buenos Aires :  |b Kapelusz,  |c 1985 
300 |a 223 p. 
653 |a Estenografia 
653 |a Taquigrafia 
700 1 |a Fusca De Elias, Carmen 
859 |a CEMS  |b BIB. CEMS - 11 de abril  |h 653  |i V445/I  |p 14108.86  |t Ej.1